000 00231 a2200097 4500
020 _a9781412747356
041 _aspa
100 _aZanoza, Melanie
245 _aLa casa de mickey mouse, busca y encuentra las diferencias
942 _cBK
999 _c30903
_d30901